50 Charaktere aus Videospielen - Statistiken

Allgemein
  • Dieses Quiz wurde 151 mal gespielt
  • Das Durchschnittsergebnis liegt bei 14 aus 50
Antwortstatistiken
Hinweis / Spiel / Reihe Name % Korrekt
The Legend of Zelda Link
76%
God of War Kratos
67%
Roter Klempner Mario
67%
Blauer Igel Sonic
67%
Grüner Klempner Luigi
65%
Tomb Raider Lara Croft
64%
The Last of Us Ellie Williams
53%
Hitman Agent 47
51%
Uncharted Nathan Drake
50%
Splinter Cell Sam Fisher
50%
The Last of Us Joel Miller
47%
The Witcher Geralt von Riva
46%
Red Dead Redemption Arthur Morgan
44%
Metal Gear Solid Solid Snake
44%
Resident Evil Leon S. Kennedy
43%
Metroid Samus
41%
Final Fantasy Cloud Strife
40%
The Legend of Zelda Ganondorf
36%
Horizon Aloy
35%
The Witcher Ciri
33%
God of War Atreus
31%
Life is Strange Max Caulfield
29%
Assassin's Creed Ezio Auditore da Firenze
27%
Uncharted Chloe Frazer
26%
Red Dead Redemption John Marston
26%
Resident Evil Jill Valentine
22%
Half-Life Gordon Freeman
20%
Borderlands Claptrap
18%
Life is Strange: True Colors Alex Chen
12%
Baldur's Gate Astarion
12%
Life is Strange 2 Daniel Diaz
12%
Monkey Island Guybrush Threepwood
12%
A Plague Tale Hugo de Rune
12%
Hellblade Senua
12%
Borderlands Lilith
10%
A Plague Tale Amicia de Rune
9%
Life is Strange 2 Sean Diaz
9%
GTA V Trevor Philips
8%
Baldur's Gate Gale
6%
Life is Strange Chloe Price
5%
Street Fighter Chun-Li
5%
Mass Effect Commander Shepard
3%
Bioshock Elizabeth
3%
Life is Strange: True Colors Gabe Chen
2%
Diablo Tyrael
2%
Total War: Warhammer III Kairos Fateweaver
1%
Brothers: A Tale of Two Sons Naia
0%
Brothers: A Tale of Two Sons Naiee
0%
Total War: Warhammer III Skarbrand the Exiled
0%
Final Fantasy Vincent Valentine
0%
Keine übereinstimmenden Quizze gefunden
Verteilung der Resultate
Anzahl Personen mit jedem Resultat
Perzentil nach korrekt beantworteten Fragen
Ihre Resultats-Entwicklung
Sie haben dieses Quiz noch nicht gespielt